| 000 | 00990cam a2200289 i 4500 | ||
|---|---|---|---|
| 001 | 281 | ||
| 003 | CO-MdFUSB | ||
| 005 | 20221001123826.0 | ||
| 008 | 221001t2004 sp ||||| |||| 00| 0 spa d | ||
| 020 | _a84-8169-629-6 | ||
| 040 |
_bspa. _aCO-MdFUSB _cCO-MdFUSB _dCO-MdFUSBC _erda |
||
| 041 | _aspa | ||
| 082 | 0 | 4 |
_a296.14 _bP9449 v28a |
| 100 | 1 |
_aMartínez Sáiz, Teresa _eautor |
|
| 245 | 1 | 0 |
_aTraducciones arameas de la Biblia : _b Los Targumim del Pentateuco I Génesis _c/ Teresa Martínez Sáiz ; Josep Ribera Florit, Introducción |
| 264 | 1 |
_aNavarra, España : _bVerbo Divino, _c[2004] |
|
| 264 | 4 | _c© 2004 | |
| 300 |
_a374 Páginas _c; |
||
| 336 |
_2rdacontent _atexto _btxt |
||
| 337 |
_2rdamedia _asin mediación _bn |
||
| 338 |
_2rdacarrier _avolumen _bnc |
||
| 500 | _aVersión crítica en edición sinóptica de los Targumim Neofiti y PseudoJonatán con variantes, glosas y notas | ||
| 653 | _aJudaísmo | ||
| 653 | _aGénesis | ||
| 942 | _cBK | ||
| 945 | _aestudiante | ||
| 999 |
_c31817 _d31817 |
||